[Event "Montreal Pere Noel U1800"]
[Site "Montreal"]
[Date "2016.12.29"]
[Round "4.31"]
[White "Guzman, Marcelo"]
[Black "Lefebvre, Eugene"]
[Result "1/2-1/2"]
[WhiteElo "1535"]
[BlackElo "1322"]
[PlyCount "82"]
[EventDate "2016.12.26"]
[EventType "swiss"]
[EventRounds "5"]
[EventCountry "CAN"]
[SourceTitle "EXT 2022"]
[Source "ChessBase"]
[SourceDate "2021.10.06"]
[SourceVersion "1"]
[SourceVersionDate "2021.10.06"]
[SourceQuality "1"]

1. d4 d5 2. Nf3 Nf6 3. Bg5 Nbd7 4. e3 h6 5. Bh4 e6 6. c4 c6 7. Nc3 Be7 8. Be2 0-0 9. 0-0 b6 10. h3 Bb7 11. Bg3 Re8 12. cxd5 exd5 13. Rc1 Rc8 14. Qa4 a5 15. Qb3 b5 16. Rc2 a4 17. Nxa4 Qa5 18. Nc3 Ba6 19. Rfc1 Bd8 20. Ne5 Nxe5 21. Bxe5 Be7 22. a3 Red8 23. Na2 Bb7 24. Nb4 Qb6 25. a4 bxa4 26. Qxa4 Bxb4 27. Bf3 Be7 28. Qa2 Bd6 29. Bxd6 Rxd6 30. Qa3 Rdd8 31. b4 Ra8 32. Qb3 Rdc8 33. Rc3 Ne4 34. Bxe4 dxe4 35. Rc5 g6 36. Qb1 Re8 37. Qb3 Qa7 38. Ra5 Qb6 39. Rac5 Qa7 40. Ra5 Qb6 41. Rac5 Qa7 1/2-1/2